000 00293nam a22001337a 4500
003 SGT
082 _a923.154
_bP47B
100 _aBRIGHT, J.S.
245 _aPRESIDENT KRIPLANI AND HIS IDEAS
260 _bINDIAN PRINTING WORKS
_c1947
300 _a218
650 _aBIOGRAPHY
942 _2ddc
_cBK
999 _c28657
_d28657